| 000 | 00761nam a22002057a 4500 | ||
|---|---|---|---|
| 999 |
_c5735 _d5735 |
||
| 003 | AR-CdUCM | ||
| 008 | 190226b ||||| |||| 00| 0 spa d | ||
| 040 |
_aMUNICIPALIDAD PROVINCIAL DEL CUSCO _cBIBLIOTECA MUNICIPAL DEL CUSCO |
||
| 082 |
_a947.084 / _bST78 |
||
| 245 |
_aLenin : _bOrganizador y jefe del partido comunista de Rusia / _cI. Stalin |
||
| 260 |
_aMoscú : _bEdiciones en lenguas extranjeras, _c1939. |
||
| 300 |
_a72 páginas ; _bilustraciones, _c28 cm. |
||
| 505 | _aContenido: Lenin, organizador y jefe del partido comunista de Rusia -- Apuntes con motivo de la muerte de Lenin -- Lenin ... | ||
| 650 |
_aComunismo _9495 |
||
| 650 |
_aU.R.S.S. _91175 |
||
| 650 |
_aMoscú _94830 |
||
| 650 |
_aRusia _9499 |
||
| 942 |
_2ddc _cLIBROS |
||
| 945 | _aLiseth | ||